Mani : travels in the southern Peloponnese
Αποθηκεύτηκε σε:
| Κύριος συγγραφέας: | |
|---|---|
| Μορφή: | Βιβλίο |
| Γλώσσα: | English |
| Δημοσίευση: |
New York :
Penguin Books,
1981.
|
| Θέματα: | |
| Ετικέτες: |
Προσθήκη ετικέτας
Δεν υπάρχουν, Καταχωρήστε ετικέτα πρώτοι!
|
MARC
| LEADER | 00000cam a2200000 i 4500 | ||
|---|---|---|---|
| 001 | 1/34059 | ||
| 008 | 130806s1984 nyu| ||| |||| ||eng|| | ||
| 020 | |a 0140095039 | ||
| 035 | |l 10115202 | ||
| 040 | |a GR-MyUA |b gre |e AACR2 | ||
| 041 | 0 | |a eng | |
| 082 | 7 | |a 914.952 |2 (22) | |
| 100 | 1 | |a Fermor, Patrick Leigh. | |
| 245 | 1 | 0 | |a Mani : |b travels in the southern Peloponnese / |c Patrick Leigh Fermor. |
| 260 | |a New York : |b Penguin Books, |c 1981. | ||
| 300 | |a 320 σ. : |b εικ. ; |c 22 εκ. | ||
| 651 | 0 | |a Mani (Greece) |x Description and travel. | |
| 767 | 0 | 8 | |i Μεταφρασμένο ως: |t Μάνη / |
| 852 | |a INST |b LESVOS |e 20130806 |h 914.952 FER |p 005100036333 |q 005100036333 |t BK |y 0 | ||
| 901 | |a BIBL1-2006-2 | ||
| 970 | |a ΚΑΡΑ |b ΓΙΑΣΕΜΗ |z 2006/03/07 | ||